[Event "Helsingor DEN, Xtracon Open 2016"]
[Site "Helsingor DEN"]
[Date "2016.07.28"]
[Round "7.128"]
[White "Winther, Bjarke Rosenborg"]
[Black "Kizatbay, Abyl"]
[Result "0-1"]
[WhiteElo "1786"]
[BlackElo "1961"]
[PlyCount "70"]
[EventDate "2016.07.23"]
[EventType "swiss"]
[EventRounds "10"]
[EventCountry "DEN"]
[SourceTitle "OM OTB B 201907"]
[Source "Opening Master"]
[SourceDate "2019.07.06"]
[SourceVersion "2"]
[SourceVersionDate "2019.07.06"]
[SourceQuality "1"]

1. e4 c5 2. Nf3 Nc6 3. d4 cxd4 4. Nxd4 Nf6 5. Nc3 d6 6. Be2 e5 7. Nb3 Be7 8.
Be3 O-O 9. O-O a5 10. a4 Nb4 11. f3 Be6 12. Na2 Nxa2 13. Rxa2 d5 14. exd5 Nxd5
15. Bf2 Nb4 16. Ra1 Qxd1 17. Bxd1 Rfc8 18. c3 Nd3 19. Rb1 Bc4 20. Be3 Nc5 21.
Bxc5 Bxc5+ 22. Nxc5 Bxf1 23. Nd7 Bd3 24. Rc1 Rd8 25. Nxe5 Bg6 26. Nc4 Bd3 27.
Ne5 f6 28. Ng4 Bc4 29. Ne3 Bf7 30. Kf1 Rd2 31. b4 Re8 32. Nc2 Bc4+ 33. Kg1 axb4
34. cxb4 Bb3 35. Kf1 Bxa4 0-1

[Event "Rostock SSC 07 op 15th"]
[Site "Rostock"]
[Date "2016.07.28"]
[Round "3"]
[White "Hopp, Peter"]
[Black "Schatz, Walter"]
[Result "0-1"]
[WhiteElo "1839"]
[BlackElo "2354"]
[PlyCount "48"]
[EventDate "2016.07.27"]
[EventType "swiss"]
[EventRounds "7"]
[EventCountry "GER"]
[SourceTitle "OM OTB B 201907"]
[Source "Opening Master"]
[SourceDate "2019.07.06"]
[SourceVersion "2"]
[SourceVersionDate "2019.07.06"]
[SourceQuality "1"]

1. e4 c5 2. Nf3 Nc6 3. d4 cxd4 4. Nxd4 Nf6 5. Nc3 d6 6. Be2 e5 7. Nf3 h6 8. h3
Be7 9. Be3 Be6 10. Qd2 Qa5 11. O-O O-O 12. a3 Rfd8 13. Rfd1 Rd7 14. Qe1 Qd8 15.
Nd2 d5 16. exd5 Nxd5 17. Nxd5 Bxd5 18. Bf3 Be6 19. Ne4 Nd4 20. Bxd4 exd4 21.
Rd2 Qb6 22. b4 a5 23. c3 axb4 24. cxb4 d3 0-1

[Event "St. Johann/Pongau AUT, Men Ch 2016"]
[Site "St. Johann/Pongau AUT"]
[Date "2016.07.27"]
[Round "5.16"]
[White "Ehs, Dominik"]
[Black "Wittmann, Walter"]
[Result "0-1"]
[WhiteElo "2108"]
[BlackElo "2151"]
[PlyCount "107"]
[EventDate "2016.07.23"]
[EventType "swiss"]
[EventRounds "9"]
[EventCountry "AUT"]
[SourceTitle "OM OTB B 201907"]
[Source "Opening Master"]
[SourceDate "2019.07.06"]
[SourceVersion "2"]
[SourceVersionDate "2019.07.06"]
[SourceQuality "1"]

1. e4 c5 2. Nf3 Nc6 3. d4 cxd4 4. Nxd4 Nf6 5. Nc3 d6 6. Be2 e5 7. Nb3 Be7 8.
O-O O-O 9. Be3 a5 10. a4 Nb4 11. f4 Bd7 12. Bf3 Bc6 13. Qe2 Re8 14. Qf2 exf4
15. Bb6 Qc8 16. Bxa5 Na6 17. Nd5 Bxd5 18. exd5 Nd7 19. Bg4 Bf6 20. Qxf4 Nac5
21. Bc3 Qc7 22. Nxc5 Qxc5+ 23. Kh1 Ne5 24. Qg3 Nxg4 25. Rxf6 Nxf6 26. Bxf6 g6
27. Rf1 Rxa4 28. c3 Rae4 29. Bd4 Qxd5 30. Qf2 Re2 31. Qg3 Qe6 32. Bf2 b5 33. h3
Rxb2 34. Bd4 f5 35. Qg5 Re2 36. Qh6 Qf7 37. Kh2 R2e7 38. Ra1 f4 39. Rf1 Re4 40.
Rf2 R8e7 41. Rf1 Qf8 42. Qh4 Qf5 43. Ra1 f3 44. Ra8+ Re8 45. Rxe8+ Rxe8 46. Qh6
Re7 47. Qh4 Re8 48. Qh6 Qf8 49. Qg5 fxg2 50. Kxg2 Qf5 51. Qh6 Re2+ 52. Kg3 Qd3+
53. Kg4 Re4+ 54. Kg5 0-1

[Event "Helsingor DEN, Xtracon Open 2016"]
[Site "Helsingor DEN"]
[Date "2016.07.26"]
[Round "5.99"]
[White "Moller, Arne"]
[Black "Jacobsen, Fredrik Beer"]
[Result "0-1"]
[WhiteElo "1843"]
[BlackElo "2028"]
[PlyCount "81"]
[EventDate "2016.07.23"]
[EventType "swiss"]
[EventRounds "10"]
[EventCountry "DEN"]
[SourceTitle "OM OTB B 201907"]
[Source "Opening Master"]
[SourceDate "2019.07.06"]
[SourceVersion "2"]
[SourceVersionDate "2019.07.06"]
[SourceQuality "1"]

1. e4 c5 2. Nf3 Nc6 3. d4 cxd4 4. Nxd4 Nf6 5. Nc3 d6 6. Be2 e5 7. Nb3 Be7 8.
O-O O-O 9. Be3 a5 10. f3 Be6 11. Nd5 Bxd5 12. exd5 Nb4 13. c4 Nd7 14. a3 Na6
15. Nd2 Bg5 16. Bxg5 Qxg5 17. Ne4 Qe3+ 18. Kh1 Nac5 19. Re1 Nxe4 20. fxe4 Nc5
21. Bf3 Qb3 22. Qd2 Qxc4 23. Rac1 Qb5 24. Rc3 a4 25. Qc2 Nb3 26. Be2 Qb6 27.
Bc4 Nd4 28. Qd2 Qd8 29. Qd3 Qd7 30. Rec1 b5 31. Ba2 Rac8 32. h3 g6 33. Kh2 Kh8
34. Qe3 f5 35. Rxc8 Rxc8 36. Rxc8+ Qxc8 37. exf5 Qxf5 38. b3 axb3 39. Bxb3 Qf4+
40. Qxf4 exf4 41. Bd1 0-1

[Event "Warszawa POL, 1st IBCA EuroTeam Ch"]
[Site "Warszawa POL"]
[Date "2016.07.26"]
[Round "3.1"]
[White "Nizam, Rasim"]
[Black "Deville, Olivier"]
[Result "1-0"]
[WhiteElo "2185"]
[BlackElo "1849"]
[PlyCount "59"]
[EventDate "2016.07.24"]
[EventType "team-swiss"]
[EventRounds "9"]
[EventCountry "POL"]
[SourceTitle "OM OTB B 201907"]
[Source "Opening Master"]
[SourceDate "2019.07.06"]
[SourceVersion "2"]
[SourceVersionDate "2019.07.06"]
[SourceQuality "1"]
[WhiteTeam "BULGARIA"]
[BlackTeam "FRANCE"]
[WhiteTeamCountry "BUL"]
[BlackTeamCountry "FRA"]

1. e4 c5 2. Nf3 d6 3. d4 cxd4 4. Nxd4 Nf6 5. Nc3 Nc6 6. Be2 e5 7. Nb3 Be7 8.
Be3 O-O 9. O-O a5 10. a4 Nb4 11. Bf3 Be6 12. Nd5 Nfxd5 13. exd5 Bf5 14. Rc1 Rc8
15. c3 Nd3 16. Rb1 Nc5 17. Ra1 Ne4 18. Nd2 Nf6 19. c4 e4 20. Be2 Nd7 21. f3
exf3 22. Nxf3 Bg4 23. Nd4 Bxe2 24. Qxe2 Re8 25. Rxf7 Kxf7 26. Ne6 Bg5 27. Nxd8+
Bxd8 28. Qh5+ Kf8 29. Qf5+ Ke7 30. Qe6+ 1-0

[Event "Beirut LIB, Team Ch 2016"]
[Site "Beirut LIB"]
[Date "2016.07.25"]
[Round "4.2"]
[White "Ghassan, Houmsi"]
[Black "El Jawich, Amro"]
[Result "0-1"]
[WhiteElo "1891"]
[BlackElo "2243"]
[PlyCount "76"]
[EventDate "2016.07.22"]
[EventType "team-tourn"]
[EventRounds "9"]
[EventCountry "LBN"]
[SourceTitle "OM OTB B 201907"]
[Source "Opening Master"]
[SourceDate "2019.07.06"]
[SourceVersion "2"]
[SourceVersionDate "2019.07.06"]
[SourceQuality "1"]
[WhiteTeam "Tanmiya"]
[BlackTeam "Ansar"]

1. e4 c5 2. Nf3 d6 3. d4 cxd4 4. Nxd4 Nf6 5. Nc3 Nc6 6. Be2 e5 7. Nb3 Be7 8.
Be3 O-O 9. O-O a5 10. a4 Be6 11. Nd5 Bxd5 12. exd5 Nb4 13. c4 Nd7 14. Qd2 b6
15. f4 Nc5 16. Nxc5 exf4 17. Bxf4 bxc5 18. Rf3 Bf6 19. Raf1 Re8 20. Bd3 Ra7 21.
Bb1 g6 22. Kh1 Rae7 23. Bg3 Bd4 24. Bh4 f6 25. Bxf6 Bxf6 26. Rxf6 Re1 27. Rxg6+
hxg6 28. Rxe1 Rxe1+ 29. Qxe1 Kg7 30. Qc3+ Kh7 31. Qf3 Kg7 32. g4 Qg5 33. Qc3+
Kh7 34. h3 Qe7 35. Kg2 Qe2+ 36. Kg3 Qf1 37. Be4 Qg1+ 38. Kh4 Qf2+ 0-1

[Event "Martuni ARM, Lake Sevan 2016"]
[Site "Martuni ARM"]
[Date "2016.07.20"]
[Round "3.2"]
[White "Ter-Sahakyan, Samvel"]
[Black "Duda, Jan-Krzysztof"]
[Result "1/2-1/2"]
[WhiteElo "2605"]
[BlackElo "2671"]
[PlyCount "80"]
[EventDate "2016.07.18"]
[EventType "tourn"]
[EventRounds "9"]
[EventCountry "ARM"]
[EventCategory "16"]
[SourceTitle "OM OTB B 201907"]
[Source "Opening Master"]
[SourceDate "2019.07.06"]
[SourceVersion "2"]
[SourceVersionDate "2019.07.06"]
[SourceQuality "1"]

1. e4 c5 2. Nf3 d6 3. d4 cxd4 4. Nxd4 Nf6 5. Nc3 Nc6 6. Be2 e5 7. Nb3 Be7 8.
O-O O-O 9. f4 a5 10. a4 exf4 11. Bxf4 Be6 12. Kh1 d5 13. e5 Ne4 14. Bd3 f5 15.
exf6 Bxf6 16. Nxe4 dxe4 17. Bxe4 Qxd1 18. Raxd1 Bxb2 19. Bd6 Rxf1+ 20. Rxf1 Bc4
21. Rb1 Bc3 22. Nc5 Re8 23. h3 Bb4 24. c3 Bxc5 25. Bxc6 bxc6 26. Bxc5 Bd5 27.
Kh2 Re2 28. Rb8+ Kf7 29. Rf8+ Kg6 30. Rf2 Rxf2 31. Bxf2 Bb3 32. Bb6 Bxa4 33.
Bxa5 c5 34. c4 Bb3 35. Bb6 Bxc4 36. Bxc5 h5 37. g4 hxg4 38. hxg4 Be6 39. Kg3
Bxg4 40. Kxg4 Kf7 1/2-1/2

[Event "Bihac BIH, 15th Premier League"]
[Site "Bihac BIH"]
[Date "2016.07.19"]
[Round "4.1"]
[White "Seitaj, Ilir"]
[Black "Kozul, Zdenko"]
[Result "0-1"]
[WhiteElo "2364"]
[BlackElo "2614"]
[PlyCount "36"]
[EventDate "2016.07.16"]
[EventType "team-tourn"]
[EventRounds "9"]
[EventCountry "BIH"]
[SourceTitle "OM OTB B 201907"]
[Source "Opening Master"]
[SourceDate "2019.07.06"]
[SourceVersion "2"]
[SourceVersionDate "2019.07.06"]
[SourceQuality "1"]
[WhiteTeam "SK IGMAN Konjic"]
[BlackTeam "SK BOSNA Sarajevo"]

1. e4 c5 2. Nf3 d6 3. d4 cxd4 4. Nxd4 Nf6 5. Nc3 Nc6 6. Be2 e5 7. Nb3 Be7 8.
O-O O-O 9. f4 a5 10. a4 Nb4 11. Be3 Be6 12. Kh1 Qc8 13. f5 Bc4 14. Re1 d5 15.
Bxc4 Qxc4 16. exd5 Nfxd5 17. Nxd5 Nxd5 18. Bg1 f6 0-1

[Event "Bihac BIH, 15th Premier League"]
[Site "Bihac BIH"]
[Date "2016.07.19"]
[Round "4.1"]
[White "Zacinovic, Alija"]
[Black "Marjanovic, Dejan"]
[Result "1/2-1/2"]
[WhiteElo "2213"]
[BlackElo "2392"]
[PlyCount "63"]
[EventDate "2016.07.16"]
[EventType "team-tourn"]
[EventRounds "9"]
[EventCountry "BIH"]
[SourceTitle "OM OTB B 201907"]
[Source "Opening Master"]
[SourceDate "2019.07.06"]
[SourceVersion "2"]
[SourceVersionDate "2019.07.06"]
[SourceQuality "1"]
[WhiteTeam "SK IGMAN Konjic"]
[BlackTeam "SK BOSNA Sarajevo"]

1. e4 c5 2. Nf3 Nc6 3. d4 cxd4 4. Nxd4 Nf6 5. Nc3 d6 6. Be2 e5 7. Nb3 Be7 8.
O-O O-O 9. f4 a5 10. Be3 a4 11. Nd2 a3 12. Rb1 axb2 13. Rxb2 exf4 14. Bb6 Qd7
15. Nc4 Ne5 16. Bd4 Nxc4 17. Bxc4 Qc7 18. Bd5 Nd7 19. Rxf4 Bf6 20. Nb5 Qb8 21.
c3 Ne5 22. Rxf6 gxf6 23. Qe1 Be6 24. Qg3+ Kh8 25. Qf4 Qd8 26. Nxd6 Bxd5 27.
Bxe5 fxe5 28. Qxe5+ f6 29. Qxd5 Qa5 30. Rxb7 Qxc3 31. Rxh7+ Kxh7 32. Qh5+
1/2-1/2

[Event "Anogia GRE, 5th Idaion Andron Open"]
[Site "Anogia GRE"]
[Date "2016.07.17"]
[Round "7.18"]
[White "Panagiotakos, Nikolaos"]
[Black "Fidrilakis, Stavros"]
[Result "1-0"]
[WhiteElo "2111"]
[BlackElo "1919"]
[PlyCount "76"]
[EventDate "2016.07.12"]
[EventType "swiss"]
[EventRounds "9"]
[EventCountry "GRE"]
[SourceTitle "OM OTB B 201907"]
[Source "Opening Master"]
[SourceDate "2019.07.06"]
[SourceVersion "2"]
[SourceVersionDate "2019.07.06"]
[SourceQuality "1"]

1. e4 c5 2. Nf3 d6 3. d4 cxd4 4. Nxd4 Nf6 5. Nc3 Nc6 6. Be2 e5 7. Nf3 h6 8. O-O
Be7 9. Re1 O-O 10. h3 Be6 11. Bf1 Rc8 12. Nd5 Nb8 13. c4 Nxd5 14. exd5 Bf5 15.
b3 Nd7 16. Bb2 Bh7 17. Rc1 f5 18. b4 b6 19. Ba3 Bf6 20. c5 bxc5 21. bxc5 Qa5
22. c6 Qxa3 23. cxd7 Rcd8 24. Bb5 Qxa2 25. Bc6 f4 26. Ra1 Qb2 27. Nd2 Bh4 28.
Qc1 Bxf2+ 29. Kxf2 Qd4+ 30. Ke2 e4 31. Ra3 Rb8 32. Qc3 f3+ 33. gxf3 exf3+ 34.
Kf1 Qh4 35. Qxf3 Qxh3+ 36. Kg1 Qh4 37. Re8 Qg5+ 38. Qg2 Qf4 1-0

[Event "Struga FRM, Macedonia Open Ch 2016"]
[Site "Struga FRM"]
[Date "2016.07.17"]
[Round "2.13"]
[White "Veljanoski, Andrej"]
[Black "Nikolovski, Nikola"]
[Result "0-1"]
[WhiteElo "1706"]
[BlackElo "2215"]
[PlyCount "73"]
[EventDate "2016.07.16"]
[EventType "swiss"]
[EventRounds "9"]
[EventCountry "MKD"]
[SourceTitle "OM OTB B 201907"]
[Source "Opening Master"]
[SourceDate "2019.07.06"]
[SourceVersion "2"]
[SourceVersionDate "2019.07.06"]
[SourceQuality "1"]

1. e4 c5 2. Nf3 d6 3. d4 cxd4 4. Nxd4 Nf6 5. Nc3 Nc6 6. Be2 e5 7. Nf3 h6 8. O-O
Be7 9. Re1 Be6 10. Bf1 O-O 11. h3 a6 12. a4 Rc8 13. b3 Nb4 14. Bb2 Rc6 15. Bd3
Qc7 16. Qd2 Nxd3 17. Qxd3 Nh5 18. Re3 Nf4 19. Qf1 Qc8 20. Ne1 f5 21. Ne2 Bg5
22. Nxf4 Bxf4 23. Re2 fxe4 24. Rxe4 Bf5 25. Rc4 Rxc4 26. Qxc4+ Qxc4 27. bxc4
Rc8 28. Rd1 Rc6 29. h4 Bg4 30. f3 Be3+ 31. Kh2 Be6 32. Ba3 Rxc4 33. Rxd6 Rxh4+
34. Kg3 Rxa4 35. Rd8+ Kh7 36. Bf8 Bg5 37. Rb8 0-1

[Event "Harbin CHN, Team Ch Div 2 2016"]
[Site "Harbin CHN"]
[Date "2016.07.16"]
[Round "11.4"]
[White "Bai, Xue"]
[Black "Kovalevskaya, Ekaterina"]
[Result "0-1"]
[WhiteElo "1762"]
[BlackElo "2466"]
[PlyCount "88"]
[EventDate "2016.07.11"]
[EventType "team-swiss"]
[EventRounds "11"]
[EventCountry "CHN"]
[SourceTitle "OM OTB B 201907"]
[Source "Opening Master"]
[SourceDate "2019.07.06"]
[SourceVersion "2"]
[SourceVersionDate "2019.07.06"]
[SourceQuality "1"]
[WhiteTeam "Jiaxing Xueer Wenhua"]
[BlackTeam "Hebei Ticai"]

1. e4 c5 2. Nf3 Nc6 3. d4 cxd4 4. Nxd4 Nf6 5. Nc3 d6 6. Be2 e5 7. Nb3 Be7 8.
O-O O-O 9. Kh1 a5 10. a4 Nb4 11. Bg5 Be6 12. Bxf6 Bxf6 13. Nc1 d5 14. Nd3 dxe4
15. Nxb4 axb4 16. Qxd8 Rfxd8 17. Nxe4 Be7 18. g4 h5 19. h3 hxg4 20. hxg4 g6 21.
g5 Rac8 22. Rac1 Bd5 23. Bf3 Bxe4 24. Bxe4 Bxg5 25. Rcd1 b6 26. b3 Kg7 27. Rxd8
Rxd8 28. Bd3 f5 29. f3 Be3 30. Kg2 Rh8 31. Re1 Bd4 32. Kg3 Kf6 33. Rf1 g5 34.
Re1 Rh4 35. Rf1 Be3 36. Ra1 Bd4 37. Rf1 e4 38. fxe4 f4+ 39. Kg2 Be5 40. Be2 g4
41. Kf2 Kg5 42. Ke1 Rh3 43. Rf2 f3 44. Kd1 Kf4 0-1

[Event "SRB Central-ch op-A 9th"]
[Site "Paracin"]
[Date "2016.07.12"]
[Round "6"]
[White "Erece, Ece Alkim"]
[Black "Kaufeld, Juergen"]
[Result "0-1"]
[WhiteElo "1775"]
[BlackElo "2271"]
[PlyCount "74"]
[EventDate "2016.07.07"]
[EventType "swiss"]
[EventRounds "9"]
[EventCountry "SRB"]
[SourceTitle "OM OTB B 201907"]
[Source "Opening Master"]
[SourceDate "2019.07.06"]
[SourceVersion "2"]
[SourceVersionDate "2019.07.06"]
[SourceQuality "1"]

1. e4 c5 2. Nf3 d6 3. d4 cxd4 4. Nxd4 Nf6 5. Nc3 Nc6 6. Be2 e5 7. Nb3 Be7 8.
O-O O-O 9. Be3 a5 10. f4 a4 11. Nd2 Nd4 12. h3 a3 13. bxa3 Qa5 14. Bxd4 exd4
15. Nb5 Bd7 16. Rb1 Bc6 17. Bd3 Rfe8 18. e5 Nd5 19. Nc4 Qd8 20. Nbxd6 Bxd6 21.
Nxd6 Ne3 22. Qh5 g6 23. Qh6 Bxg2 24. Nxe8 Qxe8 25. Rf2 Bc6 26. Qh4 Qe6 27. Re1
Qd5 28. Rh2 Ng2 29. Qf2 Nxe1 30. Qxe1 Rxa3 31. Qe2 Rxa2 32. h4 Ra1+ 33. Kf2 Rh1
34. Rxh1 Qg2+ 35. Ke1 Qxh1+ 36. Kd2 Qxh4 37. Qf1 Qg3 0-1

[Event "Windsor CAN, Canadian Open 2016"]
[Site "Windsor CAN"]
[Date "2016.07.11"]
[Round "2"]
[White "Barron, Michael"]
[Black "Szabo, Gergely Andras"]
[Result "0-1"]
[WhiteElo "2211"]
[BlackElo "2546"]
[PlyCount "88"]
[EventDate "2016.07.10"]
[EventType "swiss"]
[EventRounds "9"]
[EventCountry "CAN"]
[SourceTitle "OM OTB B 201907"]
[Source "Opening Master"]
[SourceDate "2019.07.06"]
[SourceVersion "2"]
[SourceVersionDate "2019.07.06"]
[SourceQuality "1"]

1. e4 c5 2. Nf3 d6 3. d4 cxd4 4. Nxd4 Nf6 5. Nc3 Nc6 6. Be2 e5 7. Nb3 Be7 8.
O-O O-O 9. Kh1 a5 10. a4 Be6 11. f4 Nb4 12. f5 Bd7 13. g4 Bc6 14. Bf3 d5 15.
exd5 Nbxd5 16. g5 Nxc3 17. Qxd8 Bxf3+ 18. Rxf3 Bxd8 19. gxf6 Nd5 20. fxg7 Re8
21. Bh6 e4 22. Rf2 Ra6 23. Rd1 Rxh6 24. Rxd5 e3 25. Re2 Bc7 26. Nd4 Kxg7 27.
Rd7 Be5 28. c3 Bxd4 29. Rxd4 Re5 30. Kg2 Rh5 31. Rg4+ Kf6 32. Rg3 Rg5 33. Rxg5
Kxg5 34. Kf3 Rxf5+ 35. Kxe3 Re5+ 36. Kf3 Rxe2 37. Kxe2 Kf4 38. Kd3 Kf3 39. b4
f5 40. bxa5 f4 41. a6 bxa6 42. c4 Kg2 43. c5 f3 44. c6 f2 0-1

[Event "Paracin SER, Central Serbia Ch 2016"]
[Site "Paracin SER"]
[Date "2016.07.09"]
[Round "4"]
[White "Erece, Ece Alkim"]
[Black "Jovanovic, Sasa T"]
[Result "1-0"]
[WhiteElo "1775"]
[BlackElo "2194"]
[PlyCount "63"]
[EventDate "2016.07.07"]
[EventType "swiss"]
[EventRounds "9"]
[EventCountry "SRB"]
[SourceTitle "OM OTB B 201907"]
[Source "Opening Master"]
[SourceDate "2019.07.06"]
[SourceVersion "2"]
[SourceVersionDate "2019.07.06"]
[SourceQuality "1"]

1. e4 c5 2. Nf3 d6 3. d4 cxd4 4. Nxd4 Nf6 5. Nc3 Nc6 6. Be2 e5 7. Nb3 Be7 8.
O-O O-O 9. f4 a5 10. a4 Nb4 11. Bf3 Be6 12. Kh1 Qb6 13. f5 Bc4 14. Be2 Qc6 15.
Bxc4 Qxc4 16. Nd2 Qc6 17. g4 h6 18. h4 d5 19. g5 Nxe4 20. Ndxe4 dxe4 21. Be3
hxg5 22. hxg5 Rfd8 23. Qh5 g6 24. Qh2 Nd5 25. Nxd5 Rxd5 26. f6 Bf8 27. Kg2 Rd2+
28. Bxd2 e3+ 29. Kg3 Qe4 30. Rae1 Rd8 31. Bxe3 Rd1 32. Rh1 1-0

[Event "Amsterdam Science Park op-A"]
[Site "Amsterdam"]
[Date "2016.07.09"]
[Round "1"]
[White "Galehdari, Bardia"]
[Black "Vereggen, Lars"]
[Result "1-0"]
[WhiteElo "2080"]
[BlackElo "2368"]
[PlyCount "67"]
[EventDate "2016.07.09"]
[EventType "swiss"]
[EventRounds "9"]
[EventCountry "NED"]
[SourceTitle "OM OTB B 201907"]
[Source "Opening Master"]
[SourceDate "2019.07.06"]
[SourceVersion "2"]
[SourceVersionDate "2019.07.06"]
[SourceQuality "1"]

1. e4 c5 2. Nf3 d6 3. d4 cxd4 4. Nxd4 Nf6 5. Nc3 Nc6 6. Be2 e5 7. Nb3 Be6 8.
O-O Be7 9. f4 exf4 10. Bxf4 O-O 11. Qe1 Ne5 12. Rd1 Qb6+ 13. Kh1 Ng6 14. Bc1
Rac8 15. Nd4 Rfe8 16. Bb5 Red8 17. Nxe6 fxe6 18. Ba4 Ne8 19. Bb3 Nc7 20. Be3
Qa6 21. Qe2 Qxe2 22. Nxe2 Ra8 23. Nd4 Nf8 24. Nf5 Bf6 25. Nxd6 b5 26. c4 b4 27.
Ba4 Be5 28. c5 Bxb2 29. Rf7 Ne8 30. Bxe8 Rxe8 31. Rf2 Bc3 32. Nxe8 Rxe8 33. c6
Rc8 34. Bc5 1-0

[Event "FICS rated standard game"]
[Site "FICS freechess.org"]
[Date "2016.07.09"]
[Round "?"]
[White "GMarrecoInter"]
[Black "Triarius"]
[Result "0-1"]
[WhiteElo "1901"]
[BlackElo "2280"]
[PlyCount "108"]
[EventDate "2016.??.??"]

1. e4 c5 2. Nf3 Nc6 3. d4 cxd4 4. Nxd4 Nf6 5. Nc3 d6 6. Be2 e5 7. Nb3 Be7 8.
O-O O-O 9. Be3 Be6 10. f4 exf4 11. Bxf4 d5 12. exd5 Nxd5 13. Nxd5 Qxd5 14. Qxd5
Bxd5 15. c4 Be4 16. Bf3 Bxf3 17. Rxf3 Rfd8 18. Re1 Bf6 19. h3 Nd4 20. Rd3 Nxb3
21. Rxb3 b6 22. Be5 Rac8 23. Bxf6 gxf6 24. Re7 Rxc4 25. Rxa7 Rc2 26. Rb7 f5 27.
R7xb6 Rd1+ 28. Kh2 f4 29. Rf3 Rdd2 30. Rxf4 Rxg2+ 31. Kh1 Rh2+ 32. Kg1 Rhg2+
33. Kf1 Rxb2 34. Rxb2 Rxb2 35. a4 Ra2 36. h4 Kg7 37. Ke1 Kg6 38. Kd1 Kg7 39.
Kc1 Kg6 40. Kb1 Rd2 41. a5 Rd6 42. Kb2 f5 43. Kb3 Ra6 44. Kb4 Kf6 45. Kb5 Ra8
46. Kb6 Ke5 47. Ra4 f4 48. a6 f3 49. Kb7 Rf8 50. a7 f2 51. Ra1 Ke4 52. a8=Q
Rxa8 53. Rxa8 f1=Q 54. Re8+ Kd5 0-1

[Event "Porto Rio GRE, Team Ch 2016"]
[Site "Porto Rio GRE"]
[Date "2016.07.07"]
[Round "4.5"]
[White "Brunello, Marina"]
[Black "Zawadzka, Jolanta"]
[Result "1-0"]
[WhiteElo "2361"]
[BlackElo "2440"]
[PlyCount "115"]
[EventDate "2016.??.??"]
[EventType "team-swiss"]
[EventRounds "7"]
[EventCountry "GRE"]
[SourceTitle "OM OTB B 201907"]
[Source "Opening Master"]
[SourceDate "2019.07.06"]
[SourceVersion "2"]
[SourceVersionDate "2019.07.06"]
[SourceQuality "1"]
[WhiteTeam "Italy"]
[BlackTeam "Poland"]
[WhiteTeamCountry "ITA"]
[BlackTeamCountry "POL"]

1. e4 c5 2. Nf3 Nc6 3. d4 cxd4 4. Nxd4 Nf6 5. Nc3 d6 6. Be2 e5 7. Nf3 h6 8. O-O
Be7 9. Re1 O-O 10. h3 a6 11. a4 Be6 12. Bf1 Rc8 13. g3 Qa5 14. Bg2 b5 15. Nd5
Bxd5 16. exd5 Nb4 17. Bd2 bxa4 18. c4 Qb6 19. Bf1 a5 20. Nh4 Rfe8 21. Nf5 Bf8
22. Qxa4 Qb7 23. Qb3 Ra8 24. Rac1 Nd7 25. Be3 Qc8 26. g4 Nc5 27. Qd1 Kh7 28.
Ng3 Nba6 29. f4 Qb7 30. fxe5 Qxb2 31. Bd4 Qb3 32. Nf5 dxe5 33. Bxe5 Qb6 34. Bd4
g6 35. Ng3 Rxe1 36. Qxe1 Bg7 37. Qf2 Qd6 38. Rc3 Bxd4 39. Qxd4 a4 40. Rf3 Kg8
41. Kg2 Re8 42. Rf6 Qe7 43. d6 Qb7+ 44. Kg1 Nd7 45. Rf2 Nac5 46. Bg2 Qb4 47.
Bd5 Ne6 48. Qa7 Rd8 49. Ne4 a3 50. Nf6+ Nxf6 51. Rxf6 Qe1+ 52. Kg2 Qe2+ 53. Rf2
Nf4+ 54. Kh2 Qe8 55. Rxf4 Qe2+ 56. Rf2 Qe5+ 57. Kg2 Qxd6 58. Rxf7 1-0

[Event "Porto Rio GRE, Youth Ch 2016"]
[Site "Porto Rio GRE"]
[Date "2016.07.02"]
[Round "7.1"]
[White "Spyropoulos, Nikolaos"]
[Black "Abelakiotis, Stavros"]
[Result "1/2-1/2"]
[WhiteElo "2106"]
[BlackElo "1872"]
[PlyCount "58"]
[EventDate "2016.??.??"]
[EventType "swiss"]
[EventRounds "9"]
[EventCountry "GRE"]
[SourceTitle "OM OTB B 201907"]
[Source "Opening Master"]
[SourceDate "2019.07.06"]
[SourceVersion "2"]
[SourceVersionDate "2019.07.06"]
[SourceQuality "1"]
[WhiteTeam "Greece"]
[BlackTeam "Greece"]
[WhiteTeamCountry "GRE"]
[BlackTeamCountry "GRE"]

1. e4 c5 2. Nf3 Nc6 3. d4 cxd4 4. Nxd4 Nf6 5. Nc3 d6 6. Be2 e5 7. Nb3 Be7 8.
Be3 a5 9. a4 O-O 10. f3 Nb4 11. Nb5 d5 12. c3 Nc6 13. Qc2 Be6 14. Bg5 Qb6 15.
Bxf6 Bxf6 16. exd5 Bxd5 17. Rd1 Be6 18. Nd2 Rfd8 19. Ne4 Rxd1+ 20. Bxd1 Be7 21.
Qf2 Qxf2+ 22. Nxf2 Rd8 23. Bc2 Bc4 24. b3 Bxb5 25. axb5 Na7 26. Bd3 Bc5 27. Bc4
Nc8 28. Ne4 Bb6 29. Ke2 Nd6 1/2-1/2

[Event "Klatovy CZE, 22nd Klatovy Open"]
[Site "Klatovy CZE"]
[Date "2016.07.02"]
[Round "1.5"]
[White "Novy, Daniel"]
[Black "Miesbauer, Jan"]
[Result "0-1"]
[WhiteElo "1987"]
[BlackElo "2321"]
[PlyCount "52"]
[EventDate "2016.07.02"]
[EventType "swiss"]
[EventRounds "9"]
[EventCountry "CZE"]
[SourceTitle "OM OTB B 201907"]
[Source "Opening Master"]
[SourceDate "2019.07.06"]
[SourceVersion "2"]
[SourceVersionDate "2019.07.06"]
[SourceQuality "1"]

1. e4 c5 2. Nf3 d6 3. d4 cxd4 4. Nxd4 Nf6 5. Nc3 Nc6 6. Be2 e5 7. Nb3 Be7 8.
Be3 O-O 9. Bf3 Be6 10. Qe2 Na5 11. Qb5 Nc4 12. O-O-O Qc7 13. Nd5 Bxd5 14. exd5
Rfc8 15. Na1 a6 16. Qb3 b5 17. Qd3 Qa5 18. Kb1 e4 19. Bxe4 Ne5 20. Qe2 Nxe4 21.
f4 Nc4 22. Nb3 Qd8 23. Nd4 Bf6 24. Nc6 Qe8 25. Rhe1 Nxb2 26. Rd4 Nc3+ 0-1

[Event "Porto Rio GRE, Youth Ch 2016"]
[Site "Porto Rio GRE"]
[Date "2016.07.01"]
[Round "5.12"]
[White "Nikolaidis, Athanasios"]
[Black "Fidrilakis, Stavros"]
[Result "0-1"]
[WhiteElo "1616"]
[BlackElo "1919"]
[PlyCount "74"]
[EventDate "2016.??.??"]
[EventType "swiss"]
[EventRounds "9"]
[EventCountry "GRE"]
[SourceTitle "OM OTB B 201907"]
[Source "Opening Master"]
[SourceDate "2019.07.06"]
[SourceVersion "2"]
[SourceVersionDate "2019.07.06"]
[SourceQuality "1"]
[WhiteTeam "Greece"]
[BlackTeam "Greece"]
[WhiteTeamCountry "GRE"]
[BlackTeamCountry "GRE"]

1. e4 c5 2. Nf3 d6 3. d4 cxd4 4. Nxd4 Nf6 5. Nc3 Nc6 6. Be2 e5 7. Nb3 h6 8. Be3
Be7 9. f3 O-O 10. Qd2 a5 11. g4 a4 12. Nc1 Ra5 13. Nd3 d5 14. Bxh6 gxh6 15.
Qxh6 d4 16. Nd1 Nh7 17. h4 Nb4 18. Nxb4 Bxb4+ 19. Kf2 Qf6 20. Qxf6 Nxf6 21. Kg3
Bd7 22. Nf2 Bb5 23. Bxb5 Rxb5 24. g5 Nh5+ 25. Kg4 Nf4 26. Kf5 Be7 27. b3 a3 28.
h5 Kg7 29. Ng4 Rh8 30. h6+ Kh7 31. Nf6+ Bxf6 32. Kxf6 Rg8 33. Rag1 Rg6+ 34.
Kxf7 Rc5 35. Ke7 Rc7+ 36. Kd8 Ne6+ 37. Ke8 Rg8# 0-1